| 000 | 01082nam a2200229 a 4500 | ||
|---|---|---|---|
| 005 | 20140310183406.0 | ||
| 008 | 121012s19uu xx 00 eng d | ||
| 020 | _a9780470575574 | ||
| 050 |
_aPN 6728.G74 _b.G739 2011 |
||
| 245 |
_aGreen Lantern and philosophy : _bno evil shall escape this book / _cedited by Jane Dryden and Mark D. White. |
||
| 260 |
_aHoboken, N.J. ; Chichester : _bWiley ; John Wiley, _c2011. |
||
| 300 |
_ax, 292 p. : _c22 cm. |
||
| 440 | _aThe Blackwell philosophy and pop culture series | ||
| 500 | _aIncludes bibliographical references and index | ||
| 520 | _aExplores the philosophical issues embedded in the Green Lantern Corps' stories and characters, from what Plato's tale of the Ring of Gyges tells us about the Green Lantern ring and the desire for power, to whether willpower is the most important strength. | ||
| 650 | _aGreen Lantern (Fictitious character) | ||
| 650 |
_aComic books, strips, etc _xMoral and ethical aspects |
||
| 650 | _aPhilosophy in literature | ||
| 700 | _aWhite, Mark D. | ||
| 942 |
_cBK _2lcc _kFOR |
||
| 999 |
_c22412 _d22412 |
||